ManuLab online

Enregistré dans:
Détails bibliographiques
Auteur principal: Wagner, Filip (Auteur)
Autres auteurs: Antal, Eugen (Directeur de thèse)
Format: Manuscrit Livre
Langue:slovaque
Publié: Bratislava : STU v Bratislave FEI, 2022
Sujets:
Accès en ligne:https://opac.crzp.sk/?fn=detailBiblioFormChildIMCV1&sid=2990E1F3D3E2554671803459E9F3&seo=CRZP-detail-kniha
Tags: Ajouter un tag
Pas de tags, Soyez le premier à ajouter un tag!

MARC

LEADER 00000ntm a22000003a 4500
001 stuzp87035
003 SK-STU
005 20230220121110.4
007 ta
008 150427s2015----xo-----f-mn---000-0-slo-d
040 |a STU  |b slo 
041 0 |a slo 
044 |a xo 
100 1 |a Wagner, Filip  |u 035000  |4 aut  |U FEI Fakulta elektrotechniky a informatiky  |T FEI Ústav informatiky a matematiky  |X 92387  |U E050  |Y 816  |7 92387 
242 0 1 |a ManuLab online  |y eng 
245 1 0 |a ManuLab online 
260 |a Bratislava :  |b STU v Bratislave FEI,  |c 2022 
300 |a 74 s., príl. 
650 4 |a ManuLab  |2 slo 
650 4 |a webová aplikácia  |2 slo 
650 4 |a Angular  |2 slo 
650 4 |a web application  |2 eng 
650 4 |a Angular  |2 eng 
650 4 |a ManuLab  |2 eng 
700 1 |a Antal, Eugen  |u 035000  |k Z1  |4 ths  |U FEI Fakulta elektrotechniky a informatiky  |T FEI Ústav informatiky a matematiky  |X 36087  |U E050  |Y 816  |7 A000036087 
856 4 |u https://opac.crzp.sk/?fn=detailBiblioFormChildIMCV1&sid=2990E1F3D3E2554671803459E9F3&seo=CRZP-detail-kniha